Normal view
MARC view
- الحمامى ، عمر أبو الفتوح عبد العظيم
Entry Personal Name
001 - CONTROL NUMBER
- control field: 32304
003 - CONTROL NUMBER IDENTIFIER
- control field: JO-AjAnu
005 - DATE AND TIME OF LATEST TRANSACTION
- control field: 20230606075430.0
008 - FIXED-LENGTH DATA ELEMENTS
- fixed length control field: 230606|| aca||aabn | a|a d
040 ## - CATALOGING SOURCE
- Original cataloging agency: JO-AjAnu
- Transcribing agency: JO-AjAnu
100 ## - HEADING--PERSONAL NAME
- Personal name: الحمامى ، عمر أبو الفتوح عبد العظيم
670 ## - SOURCE DATA FOUND
- Source citation: Work cat.: (JO-AjAnu)16594: الحمامى ، عمر أبو الفتوح عبد العظيم , author, الحماية الجنائية للمعلومات المسجلة إلكترونيا " دراسة مقارنة "